Culture Générale #1 - Statistiques

Statistiques générales
  • Ce quiz a été pris 253 fois
  • Le résultat moyen est 11 sur 12
Statistiques - réponses
Indice Réponse % Correct
Quel est le plus grand désert (chaud) du monde ? Sahara
99%
Dans quel pays trouve t'on la ville de Marrakech ? Maroc
98%
Quel est la pays d'origine du sushi ? Japon
97%
Quelle couleur obtient-on en mélangeant du bleu et du jaune ? Vert
96%
Quel est le plus haut sommet du monde ? Everest
93%
Quelle est la formule chimique de l'eau ? H2O
93%
Quel est le nom de la première femme à avoir gagné un prix Nobel ? Marie Curie
92%
Qui était Napoléon Bonaparte ? Empereur Français
89%
Quelle est la capitale de la Norvège ? Oslo
89%
Quel animal est connu pour sa mémoire exceptionnelle ? Éléphant
85%
Quel célèbre scientifique a formulé la théorie de la relativité ? Albert Einstein
79%
Qui a écrit "1984" ? George Orwell
64%
Aucun quiz correspondant
Distribution des résultats
% des personnes avec chaque résultat
Percentile par nombre de réponses
Votre historique - résultats
Vous n’avez pas pris ce quiz